[Event "Goch op 24th"]
[Site "Goch"]
[Date "2013.09.08"]
[Round "6"]
[White "Nent, Alexander"]
[Black "Niemann, Peter"]
[Result "1/2-1/2"]
[WhiteElo "2020"]
[BlackElo "2131"]
[PlyCount "25"]
[EventDate "2013.09.05"]
[EventType "swiss"]
[EventRounds "7"]
[EventCountry "GER"]
[SourceTitle "EXT 2015"]
[Source "ChessBase"]
[SourceDate "2014.11.20"]
[SourceVersion "1"]
[SourceVersionDate "2014.11.20"]
[SourceQuality "1"]

1. Nf3 d5 2. c4 e6 3. d4 Nf6 4. g3 Bb4+ 5. Bd2 Be7 6. Bg2 0-0 7. 0-0 c6 8. Qc2 Nbd7 9. Rd1 b6 10. Bf4 Bb7 11. Nc3 dxc4 12. Nd2 Nd5 13. Nxc4 1/2-1/2

[Event "Goch op 24th"]
[Site "Goch"]
[Date "2013.09.07"]
[Round "4"]
[White "Niemann, Peter"]
[Black "Harff, Marcel"]
[Result "0-1"]
[WhiteElo "2131"]
[BlackElo "2289"]
[PlyCount "48"]
[EventDate "2013.09.05"]
[EventType "swiss"]
[EventRounds "7"]
[EventCountry "GER"]
[SourceTitle "EXT 2015"]
[Source "ChessBase"]
[SourceDate "2014.11.20"]
[SourceVersion "1"]
[SourceVersionDate "2014.11.20"]
[SourceQuality "1"]

1. d4 Nf6 2. c4 e6 3. g3 d5 4. Bg2 dxc4 5. Nf3 Nbd7 6. Qa4 a6 7. Qxc4 b5 8. Qd3 Bb7 9. 0-0 c5 10. a4 b4 11. Rd1 Be7 12. Bg5 0-0 13. Nbd2 cxd4 14. Qxd4 Rc8 15. Rac1 Qa5 16. Bxf6 Nxf6 17. b3 Bc5 18. Qb2 Qb6 19. e3 Bxe3 20. Rxc8 Bxf2+ 21. Kf1 Rxc8 22. Nc4 Rxc4 23. bxc4 Ng4 24. c5 Bxc5 0-1

[Event "Goch op 24th"]
[Site "Goch"]
[Date "2013.09.05"]
[Round "1"]
[White "Niemann, Peter"]
[Black "Weissbeck, Wolf Dieter"]
[Result "1-0"]
[WhiteElo "2131"]
[BlackElo "1817"]
[PlyCount "55"]
[EventDate "2013.09.05"]
[EventType "swiss"]
[EventRounds "7"]
[EventCountry "GER"]
[SourceTitle "EXT 2015"]
[Source "ChessBase"]
[SourceDate "2014.11.20"]
[SourceVersion "1"]
[SourceVersionDate "2014.11.20"]
[SourceQuality "1"]

1. d4 c6 2. c4 d5 3. Nf3 Nf6 4. Qc2 Ne4 5. Nc3 Qa5 6. e3 Na6 7. cxd5 cxd5 8. Bb5+ Kd8 9. Qb3 Nc7 10. Bd3 Nd6 11. Bd2 Nc4 12. Bxc4 dxc4 13. Qxc4 Be6 14. Qa4 Qxa4 15. Nxa4 Bd5 16. Nc3 Bxf3 17. gxf3 e6 18. Rg1 g6 19. Rc1 Be7 20. e4 Kd7 21. Bf4 Bb4 22. Ke2 Bxc3 23. bxc3 Rac8 24. Be5 Rhe8 25. c4 Na6 26. Rb1 b6 27. Rgc1 Rc6 28. Kd3 1-0

[Event "Goch op 19th"]
[Site "Goch"]
[Date "2008.10.11"]
[Round "5"]
[White "Niemann, Peter"]
[Black "Wiley, Tom E"]
[Result "1/2-1/2"]
[WhiteElo "2144"]
[BlackElo "2310"]
[PlyCount "29"]
[EventDate "2008.10.09"]
[EventType "swiss"]
[EventRounds "7"]
[EventCountry "GER"]
[SourceTitle "EXT 2011"]
[Source "ChessBase"]
[SourceDate "2010.11.26"]
[SourceVersion "1"]
[SourceVersionDate "2010.11.26"]
[SourceQuality "1"]

1. d4 d5 2. c4 e6 3. Nf3 Nf6 4. Nc3 c6 5. e3 Nbd7 6. Qc2 Bd6 7. Be2 0-0 8. 0-0 dxc4 9. Bxc4 b5 10. Bd3 Bb7 11. Rd1 Qe7 12. e4 e5 13. Ne2 Rfe8 14. Ng3 g6 15. Bg5 1/2-1/2

[Event "Goch op 19th"]
[Site "Goch"]
[Date "2008.10.10"]
[Round "2"]
[White "Remy, Janina"]
[Black "Niemann, Peter"]
[Result "1/2-1/2"]
[WhiteElo "1983"]
[BlackElo "2144"]
[PlyCount "58"]
[EventDate "2008.10.09"]
[EventType "swiss"]
[EventRounds "7"]
[EventCountry "GER"]
[SourceTitle "EXT 2011"]
[Source "ChessBase"]
[SourceDate "2010.11.26"]
[SourceVersion "1"]
[SourceVersionDate "2010.11.26"]
[SourceQuality "1"]

1. e4 e6 2. d4 d5 3. Nc3 Bb4 4. e5 Ne7 5. a3 Bxc3+ 6. bxc3 c5 7. f4 Nbc6 8. Nf3 Qa5 9. Bd2 cxd4 10. cxd4 Qa4 11. c3 Qxd1+ 12. Rxd1 Na5 13. Rb1 b6 14. Bd3 Bd7 15. 0-0 Rc8 16. g4 h5 17. h3 Nc4 18. Bxc4 dxc4 19. Kf2 Bc6 20. Kg3 g6 21. Ng5 Rb8 22. Rb4 a5 23. Rb2 hxg4 24. hxg4 Rh1 25. Rbb1 Rxf1 26. Rxf1 Kf8 27. Rf2 Kg7 28. Rh2 Rf8 29. Rh7+ Kg8 1/2-1/2

[Event "Goch op 18th"]
[Site "Goch"]
[Date "2007.10.06"]
[Round "5"]
[White "Thiel, Kuno"]
[Black "Niemann, Peter"]
[Result "1/2-1/2"]
[WhiteElo "2243"]
[BlackElo "2093"]
[PlyCount "38"]
[EventDate "2007.10.04"]
[EventType "swiss"]
[EventRounds "7"]
[EventCountry "GER"]
[SourceTitle "EXT 2011"]
[Source "ChessBase"]
[SourceDate "2010.11.26"]
[SourceVersion "1"]
[SourceVersionDate "2010.11.26"]
[SourceQuality "1"]

1. Nf3 e6 2. d4 Nf6 3. c4 b6 4. g3 Ba6 5. Nbd2 Bb4 6. Qb3 Qe7 7. Bg2 Bb7 8. 0-0 Bxd2 9. Bxd2 d6 10. Rac1 0-0 11. c5 dxc5 12. dxc5 Bd5 13. Qc2 Be4 14. Qc3 Nbd7 15. b4 a5 16. a3 axb4 17. axb4 bxc5 18. bxc5 Ra6 19. Qc4 Rfa8 1/2-1/2

[Event "Dortmund Sparkassen op-A"]
[Site "Dortmund"]
[Date "2006.08.04"]
[Round "7"]
[White "Pott, Stefan"]
[Black "Niemann, Peter"]
[Result "0-1"]
[WhiteElo "1872"]
[BlackElo "2091"]
[PlyCount "86"]
[EventDate "2006.07.28"]
[EventType "swiss"]
[EventRounds "9"]
[EventCountry "GER"]
[SourceTitle "CBM 113 Extra"]
[Source "ChessBase"]
[SourceDate "2006.09.14"]
[SourceVersion "1"]
[SourceVersionDate "2006.09.14"]
[SourceQuality "1"]

1. e4 e6 2. d3 d5 3. Nd2 Nf6 4. g3 dxe4 5. dxe4 b6 6. e5 Bb7 7. Ngf3 Ng4 8. Bb5+ c6 9. Bd3 Nd7 10. Nc4 Nc5 11. Bg5 Nxd3+ 12. Qxd3 Qxd3 13. cxd3 f6 14. Bf4 c5 15. Ke2 b5 16. Ncd2 fxe5 17. Be3 Nf6 18. Rac1 Rc8 19. Rhe1 Bd6 20. Ng5 Bd5 21. Kf1 Ng4 22. h3 Nxe3+ 23. Rxe3 0-0 24. Nge4 Be7 25. b3 a6 26. h4 h6 27. Nf3 Bxe4 28. dxe4 Bd6 29. Rd3 Bb8 30. Ke2 Rc6 31. Rcd1 c4 32. Rc3 Ba7 33. h5 Rc7 34. bxc4 bxc4 35. Rd6 Rb7 36. Rd2 Rbf7 37. a4 Bb6 38. Rd6 Ba5 39. Re3 c3 40. Rc6 Bb4 41. Nxe5 Rxf2+ 42. Kd1 Rd8+ 43. Rd3 Rxd3+ 0-1

[Event "Dortmund Sparkassen op-A"]
[Site "Dortmund"]
[Date "2006.08.02"]
[Round "5"]
[White "Zeldin, Leonid"]
[Black "Niemann, Peter"]
[Result "0-1"]
[WhiteElo "1909"]
[BlackElo "2091"]
[PlyCount "106"]
[EventDate "2006.07.28"]
[EventType "swiss"]
[EventRounds "9"]
[EventCountry "GER"]
[SourceTitle "CBM 113 Extra"]
[Source "ChessBase"]
[SourceDate "2006.09.14"]
[SourceVersion "1"]
[SourceVersionDate "2006.09.14"]
[SourceQuality "1"]

1. e4 e6 2. d4 d5 3. exd5 exd5 4. Bd3 c5 5. dxc5 Bxc5 6. Nf3 Nc6 7. 0-0 Nge7 8. h3 0-0 9. Nc3 a6 10. Bf4 Nb4 11. a3 Nxd3 12. Qxd3 Bf5 13. Qd2 d4 14. Ne2 d3 15. cxd3 Qxd3 16. Rfd1 Rfd8 17. Qxd3 Bxd3 18. Nc3 Bc2 19. Rxd8+ Rxd8 20. Rc1 Bb3 21. Ne4 Bb6 22. Bc7 Rc8 23. Bf4 Rxc1+ 24. Bxc1 Nf5 25. Ned2 Bd5 26. b4 f6 27. Bb2 h5 28. g4 hxg4 29. hxg4 Nh6 30. g5 Ng4 31. gxf6 gxf6 32. Bd4 Bc7 33. Kf1 Kf7 34. Ke2 Ke6 35. Bb2 Ne5 36. Nxe5 fxe5 37. Bc3 Kf5 38. Bb2 Kf4 39. Bc3 Bc6 40. Nb3 b6 41. Nd2 Bb5+ 42. Ke1 Bd8 43. Bb2 Bh4 44. Bc3 Bd3 45. Bb2 Be7 46. Bc3 Bd6 47. Nb3 Ke4 48. Kd2 Bc4 49. Na1 Be7 50. Nc2 Bg5+ 51. Kd1 Bb3 52. Bd2 Bh4 53. Kc1 Bxc2 0-1

[Event "Dortmund op-A"]
[Site "Dortmund"]
[Date "2001.??.??"]
[Round "7"]
[White "Schneider, Ilja"]
[Black "Niemann, Peter"]
[Result "1-0"]
[WhiteElo "2132"]
[BlackElo "2080"]
[PlyCount "43"]
[EventDate "2001.07.12"]
[EventType "swiss"]
[EventRounds "11"]
[EventCountry "GER"]
[SourceTitle "EXT 2002"]
[Source "ChessBase"]
[SourceDate "2001.11.25"]
[SourceVersion "1"]
[SourceVersionDate "2001.11.25"]
[SourceQuality "1"]

1. e4 e6 2. Nf3 d5 3. Nc3 Nf6 4. e5 Nfd7 5. d4 c5 6. dxc5 Nc6 7. Bf4 a6 8. Bd3 Nxc5 9. h4 h6 10. Nd2 Nxd3+ 11. cxd3 Qc7 12. 0-0 Be7 13. Qg4 g5 14. hxg5 hxg5 15. Bg3 d4 16. Ne2 f5 17. exf6 e5 18. Qxg5 Bxf6 19. Qxf6 Qh7 20. f3 Nb4 21. Qxe5+ Kf7 22. Qc7+ 1-0

[Event "Goch op 05th"]
[Site "Goch"]
[Date "1994.??.??"]
[Round "5"]
[White "Vehreschild, Axel"]
[Black "Niemann, Peter"]
[Result "1/2-1/2"]
[WhiteElo "2105"]
[BlackElo "1875"]
[PlyCount "34"]
[EventDate "1994.10.??"]
[EventType "swiss"]
[EventRounds "7"]
[EventCountry "GER"]
[SourceTitle "EXT 1998"]
[Source "ChessBase"]
[SourceDate "1997.11.17"]
[SourceVersion "1"]
[SourceVersionDate "1997.11.17"]
[SourceQuality "1"]

1. c4 Nf6 2. Nc3 g6 3. g3 Bg7 4. Bg2 0-0 5. e4 d6 6. Nge2 c5 7. 0-0 Nc6 8. d3 a6 9. Be3 Rb8 10. f4 Bd7 11. a4 Ne8 12. Qd2 Nc7 13. a5 Ne6 14. Nd5 Ned4 15. Nxd4 Nxd4 16. Bxd4 Bxd4+ 17. Kh1 e6 1/2-1/2

[Event "Goch op 05th"]
[Site "Goch"]
[Date "1994.??.??"]
[Round "7"]
[White "Ydo, Pim"]
[Black "Niemann, Peter"]
[Result "1-0"]
[WhiteElo "2140"]
[BlackElo "1875"]
[PlyCount "119"]
[EventDate "1994.10.??"]
[EventType "swiss"]
[EventRounds "7"]
[EventCountry "GER"]
[SourceTitle "EXT 1998"]
[Source "ChessBase"]
[SourceDate "1997.11.17"]
[SourceVersion "1"]
[SourceVersionDate "1997.11.17"]
[SourceQuality "1"]

1. d4 Nf6 2. Nf3 g6 3. Bg5 Bg7 4. Nbd2 0-0 5. c3 d6 6. e4 Qe8 7. Bc4 e5 8. dxe5 dxe5 9. 0-0 h6 10. Be3 Nbd7 11. Ne1 b6 12. b4 Bb7 13. f3 Qe7 14. Nc2 Rfd8 15. Qe2 Nf8 16. Rfd1 Ne6 17. Qf2 Nf4 18. Nb3 Nh7 19. a4 Ng5 20. Kh1 Qf6 21. a5 Rab8 22. axb6 axb6 23. b5 Bf8 24. Ne1 Rxd1 25. Rxd1 Rd8 26. Rxd8 Qxd8 27. Qc2 Qd7 28. Nd3 Nxd3 29. Qxd3 Qxd3 30. Bxd3 Ne6 31. Kg1 Kg7 32. Kf2 Be7 33. Bc4 h5 34. Bxe6 fxe6 35. c4 Kf7 36. Ke2 Bc8 37. Nc1 Bd7 38. Nd3 Bd6 39. h4 Ke8 40. Kd2 Kd8 41. Bg5+ Kc8 42. Bf6 Kb7 43. Bxe5 Be7 44. Bg3 c6 45. Ne5 Bd6 46. bxc6+ Bxc6 47. Bf4 Bxe5 48. Bxe5 Kc8 49. Ke3 Kd7 50. Kf4 Ke7 51. g4 Bd7 52. Kg5 Be8 53. Bd4 b5 54. cxb5 hxg4 55. fxg4 Bxb5 56. Kxg6 Kf8 57. g5 Bd3 58. h5 Bxe4+ 59. Kf6 Kg8 60. g6 1-0